Online katalóg knižníc regiónu Turca

Milenka z Ružového útesu (Record no. 22432)

MARC details
000 -LEADER
fixed length control field 01095cam a2200337 a 4500
001 - CONTROL NUMBER
control field 22432
003 - CONTROL NUMBER IDENTIFIER
control field SK-KTurca
005 - DATE AND TIME OF LATEST TRANSACTION
control field 20260328111356.0
008 - FIXED-LENGTH DATA ELEMENTS--GENERAL INFORMATION
fixed length control field 240314s2010 xo g 000 f slo
015 ## - NATIONAL BIBLIOGRAPHY NUMBER
National bibliography number SNBA2010/08-04436
020 ## - INTERNATIONAL STANDARD BOOK NUMBER
International Standard Book Number 9788022015042
Qualifying information (viaz.)
035 ## - SYSTEM CONTROL NUMBER
System control number F23AC67A-86DC-446C-80A2-ABB60124E6A4
035 ## - SYSTEM CONTROL NUMBER
System control number urn:nbn:sk:snk-amk03a
035 ## - SYSTEM CONTROL NUMBER
System control number urn:nbn:sk:snk-am0087ow
040 ## - CATALOGING SOURCE
Original cataloging agency PPPK
Language of cataloging slo
Transcribing agency PPPK
Modifying agency SNK
Description conventions AACR2
041 1# - LANGUAGE CODE
Language code of text/sound track or separate title slo
Language code of original eng
044 ## - COUNTRY OF PUBLISHING/PRODUCING ENTITY CODE
MARC country code xo
ISO country code SK
072 #7 - SUBJECT CATEGORY CODE
Subject category code 821.111(73)-3
Subject category code subdivision Americká próza
Source konspekt
080 ## - UNIVERSAL DECIMAL CLASSIFICATION NUMBER
Universal Decimal Classification number 821.111(73)-31
Edition identifier 2001
100 1# - MAIN ENTRY--PERSONAL NAME
Personal name Becnel, Rexanne
Relationship aut
240 14 - UNIFORM TITLE
Uniform title The mistress of Rosecliff
Language of a work Slovensky
245 10 - TITLE STATEMENT
Title Milenka z Ružového útesu
Statement of responsibility, etc. Rexanne Becnelová ; [z anglického originálu preložila Marína Gálisová]
250 ## - EDITION STATEMENT
Edition statement [1. vyd.]
260 ## - PUBLICATION, DISTRIBUTION, ETC.
Place of publication, distribution, etc. Bratislava
Name of publisher, distributor, etc. Slovenský spisovateľ
Date of publication, distribution, etc. c2010
300 ## - PHYSICAL DESCRIPTION
Extent 231 s.
Dimensions 21 cm
655 #7 - INDEX TERM--GENRE/FORM
Genre/form data or focus term americké romány
Source of term SNKPH
700 1# - ADDED ENTRY--PERSONAL NAME
Personal name Gálisová, Marína,
Dates associated with a name 1972-
Relationship trl
942 ## - ADDED ENTRY ELEMENTS (KOHA)
Source of classification or shelving scheme Dewey Decimal Classification
Koha item type Krásna literatúra pre dospelých
Suppress in OPAC No
980 ## - EQUIVALENCE OR CROSS-REFERENCE-SERIES STATEMENT--PERSONAL NAME/TITLE [LOCAL, CANADA]
Personal name 821.111(73)-31
Holdings
Stav vyradenia Strata Poškodenie Spôsob nadobudnutia Domovská knižnica Aktuálna knižnica Dátum nadobudnutia Total checkouts Čiarový kód exemplára Date last seen Typ exemplára
      Dar Obecná knižnica Horná Štubňa Obecná knižnica Horná Štubňa 28.03.2026   9788022015042 28.03.2026 Krásna literatúra pre dospelých
Projekt je podporený Slovenskou asociáciou knižníc
Prevádzkuje Turčianska knižnica Martin 2026